000 00324nam a22001337a 4500
008 171226b xxu||||| |||| 00| 0 eng d
041 _aeng
080 _a611.085
082 _a611.085
100 _a9
101 _aHIS
245 _aCYTOLOGY OF NON-GYNAECOLOGICAL SITES
_cRIOTTON,G
942 _2udc
_cBK
999 _c39421
_d39421